|
|
|
|
| LEADER |
00654nam a2200217 a 4500 |
| 001 |
000601906 |
| 003 |
CZ BrMZK |
| 005 |
20150423133236.0 |
| 007 |
ta |
| 008 |
020522s1957 pl f 000 0 pol d |
| 040 |
|
|
|a BOA001
|b cze
|c BOA001
|
| 041 |
1 |
|
|a pol
|h cze
|
| 100 |
1 |
|
|a Hons, Josef,
|d 1907-2001
|7 jk01041936
|4 aut
|
| 245 |
1 |
0 |
|a O krainie ukrytej w notatniku /
|c Josef Hons
|
| 250 |
|
|
|a Wyd. 1.
|
| 260 |
|
|
|a Warszawa :
|b Nasza księgarnia,
|c 1957
|
| 300 |
|
|
|a 77 s., příl.
|
| 500 |
|
|
|a Přeloženo z češtiny
|
| 910 |
|
|
|a BOA001
|b 2-0379.550
|
| 990 |
|
|
|a BK
|
| 996 |
7 |
|
|b 2619140346
|c 2-0379.550
|l MZK
|r Sklad / do 24 hodin
|n 0
|w 000601906
|u 000010
|a 1
|e BOA001
|j MZK50
|s A
|